000 00846nam a2200265Ia 4500
003 OSt
005 20221005092846.0
006 a|||||r|||| 00| 0
007 ta
008 221004b |||||||| |||| 00| 0 eng d
020 _a0791448843 (pbk)
_cUKP 26.75
024 _a33278
037 _bIM/2016/17/971, 07/03/2017, Selectbook Service Syndicate
_cTextual
040 _aCRL
_cCRL
_beng
041 _2eng
_aeng
082 _aG:50aQ, P1
100 _aBrahill David Landis Ed.
_9617852
245 0 _aDeep ecology and World religions
260 _aNew York
_bState University of New Press U.S.A
_c2001
300 _axiii,291p.
_ccm.
650 _a RELIGION
650 _aECOLOGY
942 _hG:50aQ, P1
_cTEXL
_2cc
999 _c999485
_d999485